000 00594nam a2200181Ia 4500
008 100920s9999 xx 000 0 und d
082 _b60835
_a61 थ 80
100 _aकर्णिक मधुमंगेश.
245 _aउत्तरायण.
260 _bमीनल प्रकाशन,कोल्हापूर.
_c1980
300 _a135
_bसाधी
365 _b15
520 _aस्थानिक वाचन.
630 _aउत्तरायण.
650 _aस्थानिक वाचन.
730 _aउत्तरायण.
942 _cBOOK
999 _c704085
_d704082